La morfogenesi del terzo settore: approcci e prospettive internazionali (Record no. 357772)

MARC details
000 -LEADER
campo di controllo lung. fissa 00797nam a22002537a 4500
003 - Identificatore del numero di controllo
campo di controllo IT-MiCISF
005 - Data e orario dell'ultima transazione
campo di controllo 20180319113804.0
008 - Elementi di lunghezza fissa--Informazione generale
campo di controllo lung. fissa 180319b ||||| |||| 00| 0 eng d
040 ## - Fonte della catalogazione
Agenzia catalografica originale IT-MiCISF
Agenzia che fa la trascrizione IT-MiCISF
041 ## - Codice di lingua
Codice di lingua del testo/traccia sonora o titolo separato it
100 ## - Accesso principale -- nome di persona
Nome di persona Boccacin Lucia, Zimmer Annette (a cura di)
9 (RLIN) 56841
210 ## - Titolo abbreviato
Titolo abbreviato Sociologia e politiche sociali
222 ## - Titolo chiave
Titolo chiave 1591-2027
245 ## - Formulazione del titolo
Titolo La morfogenesi del terzo settore: approcci e prospettive internazionali
260 ## - Pubblicazione, distribuzione, ecc. (stampa)
Data di pubblicazione, distribuzione, ecc. 2015
300 ## - Descrizione fisica
Estensione pp. 9-122
310 ## - Periodicità corrente della pubblicazione
Periodicità corrente della pubblicazione quadrimestrale
362 ## - Date della pubblicazione e/o designazione sequenziale
Date della pubblicazione e/o designazione sequenziale vol. 18, n. 3
500 ## - Nota generale
Nota generale società, terzo-settore, comparazione, welfare
650 ## - Accesso aggiunto di soggetto--termine topico
Termine topico o nome geografico come accesso società
9 (RLIN) 56109
654 ## - Accesso aggiunto di soggetto--termini topici faccettati
Termine principale dossier
700 ## - Accesso aggiunto--nome di persona
Nome di persona Hogg E.
-- Kendall J.
-- Breeze B.
-- Vidal I.
-- Powell F.
-- Bezovan G.
-- Matancevic J.
9 (RLIN) 56842
942 ## - Dati aggiuntivi (Koha)
Fonte della classificazione o dello schema di collocazione (segnatura) Dewey Decimal Classification
Tipo copia default (Koha) RIVISTA
Holdings
Ritirato (status) Perso (status) Fonte della classificazione o dello schema di collocazione (segnatura) Danneggiato (status) Non per il presito Biblioteca proprietaria Biblioteca in cui si trova Data d'acquisizione Totale prestiti Collocazione Data ultima operazione Prezzo in vigore dal Tipo copia default (Koha)
    Dewey Decimal Classification Buone Condizioni Not For Loan CISF - Milano CISF - Milano 19/03/2018   A08/R122 19/03/2018 19/03/2018 RIVISTA
CREDITS: SOCIETA' SAN PAOLO Via A.Severo, 58 - ROMA (RM) & PERIODICI SAN PAOLO SRL Via Giotto, 36 MILANO & CISF Via Giotto, 36 MILANO & EDIZIONI SAN PAOLO SRL,  Piazza Soncino, 5 CINISELLO BALSAMO (MI) -- ITALY